| 000 | 00472nam a22001937a 4500 | ||
|---|---|---|---|
| 003 | MPLRDC | ||
| 005 | 20220104144314.0 | ||
| 008 | 210129b ||||| |||| 00| 0 eng d | ||
| 020 | _a7-80565-718-1 | ||
| 082 | _a310.7 KJ 1994 | ||
| 100 | _a高王景编著 | ||
| 245 |
_a简易方程 _c |
||
| 250 | _a初版 | ||
| 260 |
_a _b广西科学技术出版社 _c1994 |
||
| 300 | _b平 | ||
| 490 | _a小学数学书库 | ||
| 650 | _a数学总论 | ||
| 942 |
_cBK _o310.7 KJ 1994 |
||
| 999 |
_c48323 _d48313 |
||